000 00620nam a2200229Ia 4500
003 OSt
005 20220924122310.0
006 a|||||r|||| 00| 0
007 ta
008 220923b |||||||| |||| 00| 0 san d
024 _a286252
037 _cTextual
040 _aARTS
_cARTS
_bsan
041 _2san
_asan
082 _aP15:30Ax5, H0
100 _aSuryakanta
245 0 _aLaghurktantrasamgraha and samasaptalaksana
260 _aLahore
_bMehar Chand Lachhman Das Pakistan
_c1940
650 _aLINGUISTICS
942 _hP15:30Ax5, H0
_cTEXL
_2CC
999 _c411114
_d411114